| 000 | 00329nam a2200133Ia 4500 | ||
|---|---|---|---|
| 003 | GCL | ||
| 008 | 140319s9999 xx 000 0 eng d | ||
| 040 |
_aGCL / _cGCL |
||
| 082 | 0 | 4 |
_a616,042 _bW G |
| 100 | 1 | _aWILSON, GOLDER | |
| 245 | 1 | 0 |
_aGENETICS / _cWILSON, GOLDER |
| 260 |
_a[S.N] : _bMC GRAW - HILL ، _c1993 |
||
| 300 | _a145\P | ||
| 999 |
_c20937 _d20937 |
||